000
00334 a2200169 4500
001
166629
020
_a
85-08-06116-1
040
_c
Magnum
100
_a
Betto, Frei
240
1
0
_a
O vencedor
_l
por
245
1
0
_a
O vencedor
300
_a
166
362
0
_a
2000
440
1
_a
Ática
697
_a
LITERATURA JUVENIL
942
_c
BK
999
_c
166629
_d
166629